[Event "Titled Tue 1st Jul Early"]
[Site "chess.com INT"]
[Date "2025.07.01"]
[Round "3"]
[White "Guo, Felix"]
[Black "Gavarrete, Nahun"]
[Result "1-0"]
[BlackTitle "FM"]
[WhiteElo "2091"]
[BlackElo "2281"]
[WhiteFideId "30997550"]
[BlackFideId "8400709"]
[EventDate "2025.07.01"]

1. e4 e5 2. Bc4 Nf6 3. d4 exd4 4. Nf3 Nc6 5. O-O d6 6. Nxd4 Be7 7. Nc3 O-O 8.
Bf4 Ne5 9. Bb3 c5 10. Bxe5 dxe5 11. Nf5 Bxf5 12. exf5 a6 13. Qe2 Qc7 14. g4 h6
15. h4 Nd7 16. Nd5 Qd8 17. g5 hxg5 18. hxg5 Bxg5 19. Qh5 Bh6 20. Kh1 Nf6 21.
Nxf6+ Qxf6 22. Rg1 Kh7 23. Rg4 Rae8 24. Rag1 Kg8 25. Rg6 Qd8 26. Qxh6 Qc8 27.
Qxg7# 1-0

[Event "Titled Tue 1st Jul Early"]
[Site "chess.com INT"]
[Date "2025.07.01"]
[Round "3"]
[White "Keneshbekov, Elim"]
[Black "Vidruska, Renate"]
[Result "1-0"]
[WhiteTitle "CM"]
[BlackTitle "WFM"]
[WhiteElo "1892"]
[BlackElo "2026"]
[WhiteFideId "13816772"]
[BlackFideId "11601841"]
[EventDate "2025.07.01"]

1. e4 e5 2. Nf3 Nf6 3. Nxe5 d6 4. Nf3 Nxe4 5. Nc3 Nxc3 6. dxc3 Be7 7. Be3 O-O 8.
Qd2 Be6 9. h3 c5 10. g4 d5 11. O-O-O Qa5 12. a3 b5 13. Ng5 Nd7 14. Bg2 Nb6 15.
Qd3 g6 16. h4 Nc4 17. h5 Nxb2 18. Kxb2 c4 19. Qd4 Qxa3+ 20. Kb1 b4 21. hxg6 fxg6
22. Rxh7 Bf6 23. Rdh1 Bxd4 24. Bxd4 Rf6 25. Rh8+ Kg7 26. R1h7# 1-0

[Event "Titled Tue 1st Jul Early"]
[Site "chess.com INT"]
[Date "2025.07.01"]
[Round "3"]
[White "Principe, Gerson"]
[Black "Bortnyk, Olexandr"]
[Result "0-1"]
[WhiteTitle "FM"]
[BlackTitle "GM"]
[WhiteElo "2176"]
[BlackElo "2601"]
[WhiteFideId "3804550"]
[BlackFideId "14120828"]
[EventDate "2025.07.01"]

1. d4 Nf6 2. Nf3 b6 3. e3 Bb7 4. Be2 g6 5. O-O Bg7 6. b3 O-O 7. Bb2 e6 8. c4 d5
9. Nc3 Nbd7 10. Rc1 Qe7 11. Qc2 c5 12. cxd5 exd5 13. dxc5 bxc5 14. Na4 Rac8 15.
Rfd1 Rfd8 16. h3 d4 17. exd4 cxd4 18. Qd2 Rxc1 19. Rxc1 Ne4 20. Qd3 Ndc5 21.
Nxc5 Nxc5 22. Qd2 d3 23. Bf1 Ne4 0-1

[Event "Titled Tue 1st Jul Early"]
[Site "chess.com INT"]
[Date "2025.07.01"]
[Round "3"]
[White "Mendonca, Leon Luke"]
[Black "Plichta, Kamil"]
[Result "1-0"]
[WhiteTitle "GM"]
[BlackTitle "FM"]
[WhiteElo "2603"]
[BlackElo "2361"]
[WhiteFideId "35028561"]
[BlackFideId "1141830"]
[EventDate "2025.07.01"]

1. b4 e5 2. Bb2 Bxb4 3. Bxe5 Nf6 4. Nf3 d5 5. e3 O-O 6. Be2 c5 7. O-O Nc6 8. Bb2
Re8 9. d3 d4 10. e4 c4 11. dxc4 Nxe4 12. Nxd4 Qf6 13. Bf3 Bc5 14. c3 Bf5 15. Nd2
Nxc3 16. Nxf5 Rad8 17. Qc2 Bb4 18. Nb3 Ne5 19. Bd5 Nxd5 20. cxd5 Rxd5 21. Rad1
Rxd1 22. Rxd1 h5 23. h3 Qg6 24. Qe4 f6 25. Bxe5 Rxe5 26. Ne7+ Rxe7 27. Qxg6 1-0

[Event "Titled Tue 1st Jul Early"]
[Site "chess.com INT"]
[Date "2025.07.01"]
[Round "3"]
[White "De Lomas Busquets, Alba"]
[Black "Arun, Siddharth"]
[Result "0-1"]
[WhiteTitle "WCM"]
[WhiteElo "1997"]
[BlackElo "1978"]
[WhiteFideId "24585289"]
[BlackFideId "2079178"]
[EventDate "2025.07.01"]

1. d4 Nf6 2. Nf3 c5 3. d5 e6 4. c4 exd5 5. cxd5 d6 6. Nc3 g6 7. e4 Bg7 8. Bb5+
Bd7 9. a4 O-O 10. Be2 Re8 11. Nd2 Na6 12. O-O Nb4 13. f4 a6 14. Bf3 b5 15. Qe2
c4 16. Qd1 Nd3 17. Be2 Qb6+ 18. Kh1 Nf2+ 19. Rxf2 Qxf2 20. Bf3 Bg4 21. h3 Bxf3
22. Qxf3 Qe1+ 23. Kh2 b4 24. Ne2 Rac8 25. Nd4 Nxd5 26. Nc2 Qh4 27. exd5 c3 28.
bxc3 Rxc3 29. Qd1 Qg3+ 30. Kg1 Bd4+ 31. Nxd4 Re1+ 32. Nf1 Rxd1 33. Ne2 Qe1 0-1

[Event "Titled Tue 1st Jul Early"]
[Site "chess.com INT"]
[Date "2025.07.01"]
[Round "3"]
[White "Huseynova, Lala"]
[Black "Stevik, Patrik"]
[Result "0-1"]
[WhiteTitle "WFM"]
[BlackTitle "FM"]
[WhiteElo "2045"]
[BlackElo "2314"]
[WhiteFideId "13431781"]
[BlackFideId "14944812"]
[EventDate "2025.07.01"]

1. e4 e5 2. Nf3 Nc6 3. Bb5 Nge7 4. c3 d5 5. exd5 Qxd5 6. Ba4 Bg4 7. O-O e4 8. h3
Bh5 9. Bxc6+ Qxc6 10. Nd4 Qg6 11. Qa4+ c6 12. Na3 Nd5 13. d3 Bf3 14. Nxf3 exf3
15. Qg4 fxg2 16. Re1+ Be7 17. Bg5 f6 18. Bd2 Qxg4 19. hxg4 Kf7 20. Kxg2 Bxa3 21.
bxa3 Rad8 22. d4 h5 23. g5 h4 24. c4 Ne7 25. Bb4 Nf5 26. Rad1 fxg5 27. d5 cxd5
28. cxd5 g4 29. Rc1 h3+ 30. Kh2 Rxd5 31. Rc7+ Kg6 32. Re6+ Kg5 33. Rxb7 a5 34.
Bc3 Rc8 35. Bxg7 Rc2 36. Bf6+ Kf4 37. Kg1 Rd1+ 38. Kh2 Rxf2# 0-1

[Event "Titled Tue 1st Jul Early"]
[Site "chess.com INT"]
[Date "2025.07.01"]
[Round "3"]
[White "Dambaev, Dashi"]
[Black "Deng, Henry"]
[Result "0-1"]
[WhiteTitle "CM"]
[BlackTitle "FM"]
[WhiteElo "2142"]
[BlackElo "2293"]
[WhiteFideId "55628494"]
[BlackFideId "30965454"]
[EventDate "2025.07.01"]

1. d4 d6 2. c4 e5 3. Nc3 Nf6 4. Nf3 Nbd7 5. g3 c6 6. Bg2 e4 7. Nd2 d5 8. O-O Be7
9. Qb3 Nb6 10. Rd1 O-O 11. cxd5 cxd5 12. Nf1 Be6 13. Bg5 h6 14. Bxf6 Bxf6 15. f3
exf3 16. Bxf3 Qd7 17. Qb5 Qd6 18. Qc5 Qd8 19. Ne3 Rc8 20. Qa5 Re8 21. b3 Bg5 22.
Ng2 a6 23. Nf4 Bxf4 24. gxf4 Qd6 25. e3 Bf5 26. Kf2 Be4 27. Bxe4 dxe4 28. Rac1
Nd7 29. Qd5 Qe7 30. Qxb7 Qh4+ 31. Kg2 Nf6 32. Ne2 Ng4 33. h3 Qf2+ 34. Kh1 Qh2# 0-1

[Event "Titled Tue 1st Jul Early"]
[Site "chess.com INT"]
[Date "2025.07.01"]
[Round "3"]
[White "Bouska, Jiri"]
[Black "Onyshchuk, Volodymyr"]
[Result "0-1"]
[WhiteTitle "FM"]
[BlackTitle "GM"]
[WhiteElo "2296"]
[BlackElo "2607"]
[WhiteFideId "23722223"]
[BlackFideId "14114038"]
[EventDate "2025.07.01"]

1. e4 d6 2. d4 Nf6 3. Nc3 g6 4. Be3 c6 5. Nf3 Bg7 6. Qd2 Nbd7 7. Bd3 Ng4 8. Bg5
h6 9. Bh4 Qc7 10. h3 Ngf6 11. O-O O-O 12. Rfe1 e5 13. Bg3 Re8 14. Rad1 Nh5 15.
Bh2 exd4 16. Ne2 c5 17. c3 c4 18. Nexd4 cxd3 19. Nb5 Qc6 20. Nfd4 Qb6 21. Nxd6
Rd8 22. Nc4 Qa6 23. Qxd3 Nc5 24. Qe2 Be6 25. Nd6 Rxd6 26. Bxd6 Qxd6 27. Nf5 Qb6
28. Nxg7 Kxg7 29. b4 Na4 30. Qd2 Rc8 31. Re3 Nf6 32. Kh2 Qc7+ 33. Kh1 Qe5 34.
Rc1 Nxe4 35. Qc2 Rxc3 36. Rxe4 Rxc2 0-1

[Event "Titled Tue 1st Jul Early"]
[Site "chess.com INT"]
[Date "2025.07.01"]
[Round "3"]
[White "Bologan, Victor"]
[Black "Lazavik, Denis"]
[Result "1-0"]
[WhiteTitle "GM"]
[BlackTitle "GM"]
[WhiteElo "2601"]
[BlackElo "2580"]
[WhiteFideId "13900048"]
[BlackFideId "13515110"]
[EventDate "2025.07.01"]

1. e4 c6 2. Nf3 d5 3. d3 g6 4. Qe2 Bg7 5. g3 dxe4 6. dxe4 e5 7. Bg2 Qc7 8. O-O
Nf6 9. Nbd2 b6 10. Nc4 Ba6 11. a4 O-O 12. Re1 Re8 13. b4 Nbd7 14. Bb2 Rad8 15.
Bf1 Bf8 16. c3 Bh6 17. Qc2 Bc8 18. Rad1 Re7 19. Bc1 Bxc1 20. Qxc1 Kg7 21. Bh3 a6
22. Nd6 b5 23. Qg5 Nb6 24. a5 Rxd6 25. axb6 Qxb6 26. Rxd6 1-0

[Event "Titled Tue 1st Jul Early"]
[Site "chess.com INT"]
[Date "2025.07.01"]
[Round "3"]
[White "Cacheiro Blanco, Diego"]
[Black "Jiganchine, Roman"]
[Result "1-0"]
[WhiteTitle "FM"]
[BlackTitle "CM"]
[WhiteElo "2383"]
[BlackElo "2205"]
[WhiteFideId "54541042"]
[BlackFideId "2603667"]
[EventDate "2025.07.01"]

1. Nf3 d5 2. c4 c6 3. d4 Nf6 4. e3 Bf5 5. Nc3 e6 6. Nh4 Nbd7 7. Nxf5 exf5 8.
cxd5 Nxd5 9. Nxd5 cxd5 10. Qb3 Rb8 11. Bd2 Be7 12. Qxd5 O-O 13. Qxf5 Nf6 14. Be2
Qb6 15. b3 Bb4 16. Qd3 Bxd2+ 17. Qxd2 Ne4 18. Qd3 Qb4+ 19. Kf1 Rfe8 20. Bf3 Ng5
21. Ke2 Rbd8 22. Rhd1 Qd6 23. h4 Nxf3 24. gxf3 Qf6 25. Rac1 b6 26. Rc7 h6 27.
Rxa7 Qxh4 28. Qf5 Re7 29. Rxe7 Qxe7 30. d5 Qa7 31. Qc2 Qa3 32. Rd2 g6 33. Qc7
Rd6 34. e4 Kg7 35. e5 Qa6+ 36. Qc4 b5 37. Qd4 Rd8 38. e6+ Kg8 39. Qf6 Re8 40.
Qxf7+ 1-0

[Event "Titled Tue 1st Jul Early"]
[Site "chess.com INT"]
[Date "2025.07.01"]
[Round "3"]
[White "Fernandez Siles, Luis"]
[Black "Khazan, Yevgeny"]
[Result "1-0"]
[WhiteTitle "FM"]
[BlackTitle "CM"]
[WhiteElo "2170"]
[BlackElo "2135"]
[WhiteFideId "2209420"]
[BlackFideId "2806193"]
[EventDate "2025.07.01"]

1. e4 c5 2. Nf3 e6 3. c3 Nf6 4. e5 Nd5 5. Bc4 Nb6 6. Bb3 c4 7. Bc2 Nc6 8. b3 d5
9. bxc4 dxc4 10. O-O Be7 11. Qe2 O-O 12. Na3 Na5 13. Qe4 g6 14. Qg4 h5 15. Qf4
Re8 16. Nb5 Nd5 17. Qg3 Kg7 18. Nd6 Bxd6 19. exd6 Qf6 20. d4 cxd3 21. Bxd3 e5
22. Bg5 Qxd6 23. Bb5 Nc6 24. Rad1 a6 25. Bc4 Be6 26. Bxd5 Bxd5 27. c4 Nd4 28.
Nxd4 Bxc4 29. Nf5+ gxf5 30. Rxd6 Bxf1 31. Bf6+ 1-0

[Event "Titled Tue 1st Jul Early"]
[Site "chess.com INT"]
[Date "2025.07.01"]
[Round "3"]
[White "Xiong, Jeffery"]
[Black "Jake Shanty"]
[Result "1-0"]
[WhiteTitle "GM"]
[BlackTitle "FM"]
[WhiteElo "2646"]
[BlackElo "2252"]
[WhiteFideId "2047640"]
[BlackFideId "33478066"]
[EventDate "2025.07.01"]

1. e4 c5 2. Nf3 d6 3. Nc3 Nf6 4. d4 cxd4 5. Qxd4 Nc6 6. Qd3 g6 7. Nd5 Bg7 8. c3
O-O 9. Bg5 Nxd5 10. exd5 Bf5 11. Qd2 Ne5 12. Nxe5 Bxe5 13. Be2 Qd7 14. a4 a6 15.
O-O Rfe8 16. a5 Bg7 17. Rfe1 Qc7 18. Be3 h5 19. Bb6 Qd7 20. Bd1 Qc8 21. Bb3 Bf6
22. Ra4 Qd7 23. Rc4 Rec8 24. Ba4 Rxc4 25. Bxd7 Bxd7 26. h3 Rac8 27. Bd4 Bxd4 28.
cxd4 Re8 29. Qg5 Kf8 30. Re4 Rc2 31. g4 hxg4 32. hxg4 e6 33. Qf6 Kg8 34. Rf4 Rf8
35. Rf3 Rc1+ 36. Kh2 Rc2 37. Rh3 1-0

[Event "Titled Tue 1st Jul Early"]
[Site "chess.com INT"]
[Date "2025.07.01"]
[Round "3"]
[White "Roebers, Jan"]
[Black "Cornelisse, Lorelei"]
[Result "1-0"]
[WhiteTitle "FM"]
[BlackTitle "WFM"]
[WhiteElo "2030"]
[BlackElo "2129"]
[WhiteFideId "1007815"]
[BlackFideId "1087177"]
[EventDate "2025.07.01"]

1. e4 e5 2. f4 d5 3. exd5 c6 4. dxc6 Nxc6 5. Nf3 e4 6. Ne5 Bc5 7. Bc4 Nxe5 8.
fxe5 Qd4 9. Qe2 Nh6 10. c3 Qd8 11. Qxe4 O-O 12. d4 Be7 13. Bxh6 gxh6 14. O-O Kh8
15. Bd3 f5 16. exf6 Rf7 17. fxe7 Rxe7 18. Qf3 Be6 19. Nd2 Rg7 20. Qf6 Qd5 21.
Be4 Qd6 22. Nc4 Qa6 23. Ne5 Rg8 24. d5 Qb6+ 25. Kh1 Bxd5 26. Qxb6 Bxe4 27. Qf6
Bxg2+ 28. Kg1 Bh3+ 29. Kf2 Bxf1 30. Nf7# 1-0

[Event "Titled Tue 1st Jul Early"]
[Site "chess.com INT"]
[Date "2025.07.01"]
[Round "3"]
[White "Lesovoi, Evgenij"]
[Black "Baches Garcia, Guillermo"]
[Result "1-0"]
[WhiteTitle "FM"]
[BlackTitle "IM"]
[WhiteElo "2234"]
[BlackElo "2305"]
[WhiteFideId "24164135"]
[BlackFideId "2209764"]
[EventDate "2025.07.01"]

1. d4 d5 2. c4 e6 3. Nc3 Bb4 4. a3 Bxc3+ 5. bxc3 Nf6 6. e3 c6 7. Bd3 e5 8. cxd5
e4 9. Bc2 cxd5 10. c4 O-O 11. Ne2 dxc4 12. Nc3 Re8 13. Qe2 Qc7 14. a4 Bg4 15.
Qd2 Nc6 16. h3 Bf5 17. O-O Rad8 18. Qe2 Nb4 19. Nb5 Qe7 20. Ba3 a6 21. Qxc4 axb5
22. Qxb4 Qe6 23. Bb3 Nd5 24. Bxd5 Rxd5 25. Kh2 Bxh3 26. Rh1 Rh5 27. Kg1 Qg4 28.
Rh2 Bxg2 29. Rxg2 Qh4 30. Kf1 Qh3 31. Qd6 1-0

[Event "Titled Tue 1st Jul Early"]
[Site "chess.com INT"]
[Date "2025.07.01"]
[Round "3"]
[White "Jandric, Damjan"]
[Black "Sava, Robert-Gabriel"]
[Result "0-1"]
[WhiteTitle "CM"]
[BlackTitle "CM"]
[WhiteElo "2179"]
[BlackElo "2121"]
[WhiteFideId "921475"]
[BlackFideId "1265725"]
[EventDate "2025.07.01"]

1. d4 e6 2. c4 b6 3. Nf3 Bb7 4. g3 Bb4+ 5. Bd2 Bxd2+ 6. Nbxd2 f5 7. Bg2 Nf6 8.
O-O O-O 9. a3 a5 10. b4 d6 11. Qb3 Qe7 12. Ne1 Bxg2 13. Nxg2 Nbd7 14. Rae1 Ne4
15. Nxe4 fxe4 16. f3 Nf6 17. fxe4 Nxe4 18. Qe3 d5 19. Nf4 axb4 20. axb4 c6 21.
b5 Ra3 22. Qc1 Rc3 23. Qb1 Rxc4 24. bxc6 Nd2 25. Qxb6 Nxf1 26. Rxf1 Qd6 27. Qa7
Rxc6 28. Nh5 Rxf1+ 29. Kxf1 Rc7 30. Qb8+ Qf8+ 0-1

[Event "Titled Tue 1st Jul Early"]
[Site "chess.com INT"]
[Date "2025.07.01"]
[Round "3"]
[White "Sickmann, Lisa"]
[Black "Hrebenshchykova, Yelyzaveta"]
[Result "0-1"]
[WhiteTitle "WFM"]
[BlackTitle "WIM"]
[WhiteElo "1961"]
[BlackElo "2265"]
[WhiteFideId "16267818"]
[BlackFideId "14159899"]
[EventDate "2025.07.01"]

1. d4 Nf6 2. c4 g6 3. Nc3 Bg7 4. Nf3 O-O 5. e4 d6 6. Bd3 e5 7. O-O Bg4 8. d5 a5
9. h3 Bd7 10. a3 Na6 11. Be3 Nh5 12. Qd2 Nf4 13. Bxf4 exf4 14. Qxf4 Nc5 15. Bc2
a4 16. e5 dxe5 17. Nxe5 Bc8 18. Nd3 Nb3 19. Bxb3 axb3 20. Nb5 c6 21. Nc7 Ra5 22.
d6 Bf5 23. Nc1 Be5 24. Qd2 Rc5 25. Nxb3 Rxc4 26. Qe2 Re4 27. Qf3 Qxd6 28. g4 Rf4
29. Qe2 Bd3 30. Qd1 Bxf1 31. Qxf1 Qxc7 32. Nc5 Rd8 33. Nd3 Rf3 34. Nxe5 Qxe5 35.
Qg2 Qxb2 36. Re1 Qxa3 0-1

[Event "Titled Tue 1st Jul Early"]
[Site "chess.com INT"]
[Date "2025.07.01"]
[Round "3"]
[White "Jaskolka, Tomasz"]
[Black "Mecit, Emre"]
[Result "1-0"]
[WhiteTitle "CM"]
[WhiteElo "2194"]
[BlackElo "2007"]
[WhiteFideId "1170791"]
[BlackFideId "6304214"]
[EventDate "2025.07.01"]

1. d4 Nf6 2. Bg5 Ne4 3. Bf4 c5 4. c3 cxd4 5. cxd4 d5 6. e3 Nc6 7. Nc3 Qa5 8. Qb3
Nxc3 9. bxc3 e6 10. Nf3 Be7 11. Bd3 O-O 12. O-O b6 13. a4 Ba6 14. Bb5 Rac8 15.
Rfc1 Bb7 16. h3 a6 17. Bd3 Nb8 18. Rab1 Nd7 19. Ne5 Nxe5 20. Bxe5 Rc6 21. c4
dxc4 22. Rxc4 Rfc8 23. Rxc6 Rxc6 24. Be4 Rc3 25. Qxb6 Qxb6 26. Rxb6 Bxe4 27.
Rb8+ Bf8 28. Bd6 h6 29. Rxf8+ Kh7 30. Rxf7 Kg6 31. Ra7 Bd3 32. Be5 Rc1+ 33. Kh2
Kf5 34. Rxg7 Ke4 35. Bf4 Ra1 36. f3+ Kd5 37. Rd7+ Kc4 38. Rc7+ Kb4 39. Bxh6 Rxa4
40. Bf8+ Kb3 41. h4 Ra2 42. h5 a5 43. h6 Rc2 44. Rxc2 Bxc2 45. e4 Kc4 46. h7 1-0

[Event "Titled Tue 1st Jul Early"]
[Site "chess.com INT"]
[Date "2025.07.01"]
[Round "3"]
[White "Gutman, Gennadi"]
[Black "Palomo, Franklin Annervys"]
[Result "0-1"]
[WhiteTitle "GM"]
[BlackTitle "FM"]
[WhiteElo "2445"]
[BlackElo "2243"]
[WhiteFideId "14102277"]
[BlackFideId "3906965"]
[EventDate "2025.07.01"]

1. e4 c5 2. Nf3 e6 3. c3 d5 4. exd5 Qxd5 5. d4 Nf6 6. Na3 cxd4 7. Nb5 Qd8 8.
Nbxd4 Be7 9. Bd3 O-O 10. O-O Nbd7 11. Bg5 a6 12. Bb1 Qc7 13. Qc2 Re8 14. Rd1 Nf8
15. h4 b5 16. a4 bxa4 17. Rxa4 Bb7 18. Re1 h6 19. Be3 Ng4 20. Bd2 Bc5 21. Nxe6
Bxf2+ 22. Kf1 Rxe6 23. Rxe6 Bxf3 24. gxf3 Qg3 25. Rxg4 Qxf3 0-1

[Event "Titled Tue 1st Jul Early"]
[Site "chess.com INT"]
[Date "2025.07.01"]
[Round "3"]
[White "Rosen, Eric"]
[Black "Bjerre, Jonas Buhl"]
[Result "1-0"]
[WhiteTitle "IM"]
[BlackTitle "GM"]
[WhiteElo "2377"]
[BlackElo "2655"]
[WhiteFideId "2032562"]
[BlackFideId "1444948"]
[EventDate "2025.07.01"]

1. e3 c5 2. f4 g6 3. Nf3 Bg7 4. d4 b6 5. c3 Bb7 6. Bd3 d6 7. O-O Nf6 8. Nbd2 O-O
9. f5 e6 10. fxe6 fxe6 11. e4 Nc6 12. a3 Qe7 13. h3 Nh5 14. Nb3 Nf4 15. Bxf4
Rxf4 16. Qe2 Raf8 17. Rae1 Nb8 18. Nh2 Nd7 19. Rxf4 Rxf4 20. Qe3 Bh6 21. Qg3 Qf8
22. Ng4 Bg7 23. e5 dxe5 24. dxe5 c4 25. Nf6+ Nxf6 26. Qxf4 Nd5 27. Qxf8+ Kxf8
28. Bxc4 Ke7 29. Nd4 Nf4 30. Bf1 Bd5 31. g3 Nh5 32. Kf2 Bh6 33. Bg2 1-0

[Event "Titled Tue 1st Jul Early"]
[Site "chess.com INT"]
[Date "2025.07.01"]
[Round "3"]
[White "Grutter, Tim"]
[Black "Niraj, Saripalli"]
[Result "1-0"]
[WhiteTitle "IM"]
[BlackTitle "CM"]
[WhiteElo "2405"]
[BlackElo "2115"]
[WhiteFideId "1057472"]
[BlackFideId "5045657"]
[EventDate "2025.07.01"]

1. e4 e5 2. Nf3 Nc6 3. g3 g6 4. d4 exd4 5. Nxd4 Bg7 6. Be3 Nge7 7. Bg2 O-O 8.
Nc3 f5 9. exf5 Nxf5 10. Nxf5 Rxf5 11. O-O d6 12. Re1 Kh8 13. Ne4 Bd7 14. Bh3 Rf8
15. Bg5 Qc8 16. Bg2 Bh3 17. Bh1 Qf5 18. Be3 Rae8 19. Ng5 Rxe3 20. Nxh3 Rxe1+ 21.
Qxe1 Bxb2 22. Rb1 Qxc2 23. Be4 Qc3 24. Qxc3+ Bxc3 25. Rxb7 Ne5 26. Rxc7 Bd4 27.
Ng5 1-0

[Event "Titled Tue 1st Jul Early"]
[Site "chess.com INT"]
[Date "2025.07.01"]
[Round "3"]
[White "Estrada Nieto, Julian"]
[Black "Fernandes, Rogerio Paulo Muller"]
[Result "1-0"]
[WhiteTitle "IM"]
[WhiteElo "2189"]
[BlackElo "2241"]
[WhiteFideId "5101018"]
[BlackFideId "2101599"]
[EventDate "2025.07.01"]

1. e4 e6 2. d4 d5 3. Nd2 c5 4. exd5 Qxd5 5. Ngf3 cxd4 6. Bc4 Qd6 7. O-O Nf6 8.
Nb3 Nc6 9. Nbxd4 Nxd4 10. Nxd4 a6 11. Bb3 Bd7 12. c3 Qc7 13. Qf3 Bd6 14. h3
O-O-O 15. Bg5 Be5 16. Rad1 h6 17. Bh4 Rhg8 18. Rfe1 Rdf8 19. Qe2 Bd6 20. Qf3 g5
21. Bg3 Bxg3 22. fxg3 Ne8 23. g4 Nd6 24. Qg3 Ne8 25. Qxc7+ Nxc7 26. Rf1 f5 27.
gxf5 Rg7 28. fxe6 Rxf1+ 29. Rxf1 Be8 30. Nf5 Rh7 31. Nd6+ Kd8 32. Nxb7+ Ke7 33.
Nc5 Bb5 34. Rf7+ Kd6 35. Rxh7 1-0

[Event "Titled Tue 1st Jul Early"]
[Site "chess.com INT"]
[Date "2025.07.01"]
[Round "3"]
[White "Svane, Rasmus"]
[Black "Lyakh, Vasiliy"]
[Result "1-0"]
[WhiteTitle "GM"]
[WhiteElo "2619"]
[BlackElo "2123"]
[WhiteFideId "4657101"]
[BlackFideId "14189828"]
[EventDate "2025.07.01"]

1. Nf3 Nf6 2. g3 b6 3. Bg2 Bb7 4. O-O e6 5. c4 Be7 6. d4 O-O 7. Re1 h6 8. a3 Re8
9. Bf4 d5 10. cxd5 exd5 11. Nc3 a6 12. Rc1 c5 13. Ne5 cxd4 14. Na4 b5 15. Nc5
Bxc5 16. Rxc5 g5 17. Qxd4 gxf4 18. Qxf4 Kg7 19. Rec1 Qd6 20. Qxh6+ Kxh6 21.
Nxf7+ Kg7 22. Nxd6 Re7 23. Nf5+ Kf7 24. Nxe7 Kxe7 25. Rc7+ Nbd7 26. Rxb7 Kd6 27.
e3 Re8 28. Ra7 Nc5 29. b4 Nd3 30. Rxa6+ Ke5 31. Rcc6 Ng4 32. f4+ Kf5 33. h3 Rxe3
34. hxg4+ Kxg4 35. Rg6+ Kh5 36. Rg5# 1-0

[Event "Titled Tue 1st Jul Early"]
[Site "chess.com INT"]
[Date "2025.07.01"]
[Round "3"]
[White "King, Alexander"]
[Black "Guliev, Gasan"]
[Result "1/2-1/2"]
[WhiteTitle "FM"]
[BlackTitle "CM"]
[WhiteElo "2263"]
[BlackElo "2123"]
[WhiteFideId "2063620"]
[BlackFideId "34165638"]
[EventDate "2025.07.01"]

1. Nf3 d5 2. c4 e6 3. g3 Nf6 4. Bg2 c5 5. cxd5 exd5 6. d4 Nc6 7. O-O cxd4 8.
Nxd4 Bc5 9. Nxc6 bxc6 10. Qc2 Nd7 11. Nc3 O-O 12. Na4 Qe7 13. Nxc5 Qxc5 14. Qxc5
Nxc5 15. Be3 Ne6 16. Rac1 Bd7 17. b3 a5 18. Bc5 Nxc5 19. Rxc5 Rfb8 20. e4 dxe4
21. Bxe4 a4 22. Rb1 axb3 23. axb3 Rb6 24. Rd1 Be8 25. Rd3 Rab8 26. Rcc3 g6 27.
h4 h5 28. Kg2 Kg7 29. Rd6 R8b7 30. Bxc6 Bxc6+ 31. Rdxc6 Rxc6 32. Rxc6 Rxb3 33.
Rc4 Rb6 34. Rf4 Ra6 35. Re4 Ra3 36. Rf4 Ra2 37. Re4 Ra7 38. Re3 Ra2 39. Rd3 Ra7
40. Rf3 Ra2 41. Rf4 Ra7 42. Rb4 Ra2 43. Kf3 Ra3+ 44. Kf4 Ra2 45. Ke3 Ra3+ 46.
Ke4 Ra2 47. Kf3 Ra3+ 48. Kg2 Ra2 49. Rd4 Ra3 50. Rf4 Ra2 51. Re4 Ra3 52. Re2 Ra4
53. Rd2 Ra3 54. Rc2 Ra4 55. Rc5 Ra2 56. Rc4 Ra3 57. Rf4 1/2-1/2

[Event "Titled Tue 1st Jul Early"]
[Site "chess.com INT"]
[Date "2025.07.01"]
[Round "3"]
[White "Buraczewski, Rafal"]
[Black "Jammalamadaka, Vihaan"]
[Result "0-1"]
[WhiteTitle "CM"]
[BlackTitle "CM"]
[WhiteElo "2135"]
[BlackElo "1977"]
[WhiteFideId "1155245"]
[BlackFideId "30977134"]
[EventDate "2025.07.01"]

1. g3 Nf6 2. Bg2 g6 3. c3 Bg7 4. d4 d5 5. Nd2 O-O 6. e4 dxe4 7. Nxe4 Nxe4 8.
Bxe4 c5 9. Ne2 cxd4 10. cxd4 Nc6 11. Bxc6 bxc6 12. O-O Bb7 13. Be3 h5 14. Qb3
Qc8 15. Rac1 Ba6 16. Rfe1 h4 17. d5 Qg4 18. Nf4 cxd5 19. Nxd5 Rab8 20. Nxe7+ Kh7
21. Qd1 Qh3 22. b3 Bb7 23. Nc6 Rbc8 24. Qf3 Qe6 25. Bc5 Bxc6 26. Rxe6 Bxf3 27.
Re3 Bd5 28. b4 Be6 29. Rce1 Rfd8 30. gxh4 a5 31. a3 axb4 32. axb4 Ra8 33. Rg3
Ra2 34. h5 gxh5 35. Rg5 Bf6 36. Rxh5+ Kg6 37. Rh6+ Kxh6 0-1

[Event "Titled Tue 1st Jul Early"]
[Site "chess.com INT"]
[Date "2025.07.01"]
[Round "3"]
[White "Venkatesh, Narayan"]
[Black "Korchynskyi, Mykola"]
[Result "0-1"]
[WhiteTitle "FM"]
[BlackTitle "FM"]
[WhiteElo "2185"]
[BlackElo "2346"]
[WhiteFideId "30987881"]
[BlackFideId "34138005"]
[EventDate "2025.07.01"]

1. Nf3 d5 2. g3 Nf6 3. Bg2 Bf5 4. O-O e6 5. d3 Be7 6. Nbd2 O-O 7. c3 c5 8. Qc2
Nc6 9. e4 dxe4 10. dxe4 Bg6 11. Nh4 Qc7 12. Nxg6 hxg6 13. f4 Rfd8 14. e5 Nd5 15.
Ne4 b5 16. a4 a6 17. Bd2 c4 18. Kh1 Na5 19. axb5 axb5 20. Rad1 Nb3 21. Rfe1 Nxd2
22. Rxd2 Ra2 23. Qd1 b4 24. Qc1 b3 25. Red1 Rda8 26. Rd4 Qb6 27. Nd2 Ra1 28.
Qxa1 Rxa1 29. Rxa1 Ne3 30. Nxc4 Nxc4 31. Rxc4 Qf2 32. Be4 Kh7 33. Ra8 Qf1# 0-1